Регионална библиотека "Любен Каравелов" - Русе

За разгрома на фашизма (Запис номер 152251)

MARC детайли
000 -Лидер
Контролно поле с фиксирана дължина 02350nam a2200493 c 4500
001 - Контролен номер на записа
Контролно поле 152251
003 - Код на организацията, давaща контролен номер
Контролно поле BLK
005 - Дата и час на последна редакция
Контролно поле 20240320112643.0
008 - Елементи от данни с фиксирана дължина
fixed length control field 180410b bul|||||r ||||||| ||bul||
010 ## - Наследен системен номер
LC control number KNG00158698000
040 ## - Източник на каталожния запис
Идентификатор на билиотеката - собственик на записа BLK
041 ## - Код за език
Код за езика на текст/звукозапис или на отделно заглавие Български
Код за езика КДБФ Български
072 #7 - Код за тематичната категория
Код организация bullib
Код за тематична категория К
Текст Краезнание
080 ## - УДК
Текстов определител УДК Политически партии и движения
УДК код - определител по УДК 329
УДК определител (497.2)(092)
УДК - код + определител 329(497.2)(092)
080 ## - УДК
Текстов определител УДК Политически и национални младежки движения
УДК код - определител по УДК 329.78
УДК определител (497.2)(092)
УДК - код + определител 329.78(497.2)(092)
080 ## - УДК
Текстов определител УДК История на Втората световна война (1939-1945)
УДК код - определител по УДК 940.53
УДК определител (092)
УДК - код + определител 940.53(092)
080 ## - УДК
Текстов определител УДК Биографии
УДК код - определител по УДК 929
УДК - код + определител 929
100 1# - Редна дума - Автор
Автор Вълов, Въло Ив.
Авторска отговорност първи автор
R(LIN) 331718
139 ## - Редно поле
Редна дума За разгрома на фашизма
Авторски знак Зак - З 26
245 10 - Сведения за заглавието
Заглавие За разгрома на фашизма
Подзаглавни данни [Албум с биогр. данни и снимки на] българи, загинали в борбата на европ. народи за разгрома на фашизма през Втората световна война
Редно поле (дума) Въло Ив. Вълов.
257 ## - Страна на издаване
Страна на създаване/издаване България
260 ## - Област на издателските данни
Име на издателя, разпространителя и проч. Септември
Година на издаване 1980
300 ## - Физическа характеристика
Страници 176 с.
Илюстрации и др. с портр., ил., факс.
Размери/Мащаб 29 см
380 ## - Жанр
Жанр Обществени науки
500 ## - Общи забележки
Забележка Други авт. : М. Челебийска, Н. Янева-Петрова, Н. Белоусов, П. Атанасова, П. Дачева-Николова. - Изд. на Нац. музей на револ. движение. - 5 050 тир. - Именен показалец
650 #4 - Допълнително описание по предмет – тема
Основно описание – тема или топоним Борци против фашизма - България
9 (RLIN) 247269
650 #4 - Допълнително описание по предмет – тема
Основно описание – тема или топоним Втора световна война - участие на България
9 (RLIN) 252373
651 #4 - Допълнително описание по предмет - топоним
Географско понятие България
9 (RLIN) 241624
653 ## - Ключова дума – ненормативна
Ключова дума антифашисти
653 ## - Ключова дума – ненормативна
Ключова дума Втора световна война
653 ## - Ключова дума – ненормативна
Ключова дума история
659 ## - Тематичен бюлетин
Тематичен бюлетин К
852 ## - Местоположение
Форматна сигнатура Цб ІІ 5885
852 ## - Местоположение
Форматна сигнатура К 329(092)/З-26
856 4# - Електронен адрес и достъп
Електронен формат pdf - файл
856 4# - Електронен адрес и достъп
Електронен формат pdf - файл
942 ## - АРТИКУЛИ
Вид на библиотечния материал Книги
Скрит в OPAC Не
Периодичен библиозапис Да
944 ## - СЪЗДАВАНЕ И РЕДАКЦИЯ на ЗАПИСА
Създаване/Редакция Създаване
Дата на регистрацията/редакция 26.03.2014
Статус, дата на статуса Севдалина Тодорова
Служител, извършил регистрацията/редакцията 30540
944 ## - СЪЗДАВАНЕ И РЕДАКЦИЯ на ЗАПИСА
Създаване/Редакция Редакция
Дата на регистрацията/редакция 26.03.2014
Статус, дата на статуса 26.03.2014 - от С1,Р / 26.03.2014
999 ## - СИСТЕМНИ КОНТРОЛНИ НОМЕРА
Koha biblionumber 152251
Koha biblioitemnumber 152251
999 ## - СИСТЕМНИ КОНТРОЛНИ НОМЕРА
Koha biblioitemnumber 152251
999 ## - СИСТЕМНИ КОНТРОЛНИ НОМЕРА
Koha biblioitemnumber 152251
999 ## - СИСТЕМНИ КОНТРОЛНИ НОМЕРА
Koha biblioitemnumber 152251
999 ## - СИСТЕМНИ КОНТРОЛНИ НОМЕРА
Koha biblioitemnumber 152251
Наличности
Код за отписване Код за изгубен артикул Източник на класификационната схема Код за повреда Коз за рестрикции Код за отдаване Артикулен № Име на библиотеката - собственик Име на библиотеката, в която се намира в момента Статус (Текущо местоположение) Дата на вписване в системата Местоположение - отдел Цена в лева Инвентарен номер Систематично азбучна сигнатура Баркод Номер на екземпляра Цена в евро Служебна бележка Служебен тип на артикула
  Не е изгубен Universal Decimal Classification Не е повреден без рестрикции ползва се в читалня 254290 Регионална библиотека "Любен Каравелов" Русе Регионална библиотека "Любен Каравелов" Русе Хранилище 1980-01-01 Хранилище 5.00 305053 Цб ІІ 5885 120000305053 1 2.56 Дост: Dp Вид: Д N: Сф Дата: 01.01.1980 Книги
  Не е изгубен Universal Decimal Classification Не е повреден без рестрикции ползва се в читалня 254291 Регионална библиотека "Любен Каравелов" Русе Регионална библиотека "Любен Каравелов" Русе Краезнание 1980-01-01 Краезнание 5.00 320055 К 329(092)/З-26 120000320055 2 2.56 N: Сф Дата: 01.01.1980 Дата инв: 13.11.2017 Бележки инв: К2017 Книги
Vip Innovations Ltd, Rousse, Bulgaria 2025